| 000 | 00597nam a2200193Ia 4500 | ||
|---|---|---|---|
| 003 | GCL | ||
| 008 | 140319s9999 xx 000 0 ara d | ||
| 040 |
_aGCL / _cGCL |
||
| 082 | 0 | 4 |
_a915 _bع م |
| 100 | 1 | _aعبدالملك على الكليب | |
| 245 | 1 | 0 |
_aمناخ الخليج العربى / _cعبدالملك على الكليب |
| 260 |
_a[S.N] : _bذات السلاسل للطباعة والنشر ، _c1990 |
||
| 300 | _a140 ص | ||
| 490 | _a | ||
| 650 | 0 | 4 | _aالجغرافيا الطبيعية |
| 650 | 0 | 4 | _aالخليج العربى |
| 650 | 0 | 4 | _aالمناخ |
| 942 |
_2ddc _cBK |
||
| 999 |
_c35326 _d35326 |
||